000 01096nam a2200193 4500
999 _c63799
_d63799
003 Ge_BSU
005 20260115204834.0
008 260115s1972 ge ||||| |||| 00| 0 geo d
041 _ageo
080 _a31:338(479.22)(058) ს-32
245 _aსაქართველოს სსრ სახალხო მეურნეობა სსრკ 50 წლისთავზე :
_bსტატისტიკური წელიწდეული /
_cსაქ. სსრ მინ. საბჭოსთან არსებული ცენტრალური სტატისტიკური სამმართველო.
264 _aთბ.,
_c1972.
300 _a384 გვ. ;
_b22 სმ.
500 _aტექსტი ქართულ და რუსულ ენაზე.
501 _aთავფურცელი ქართულ და რუსულ ენაზე.
653 _aსაქართველოს სახალხო მეურნეობა
653 _a სტატისტიკა
942 _2udc
_cᲬᲘᲒᲜᲘ